000 01058nam a2200277 a 4500
001 000039160
003 DO-SdBNP
005 20250401144913.0
008 130604s2012 dr ac 001 0 spa d
020 _a9789945408720
040 _aDO-SdBNP
_bspa
_cBNPHU
082 _a398.27
_bE79L
100 1 _aEstévez Rodríguez, Ramia
_965362
245 1 0 _aLoma azul /
_cRamia Estévez Rodríguez ; prólogo Pedro Carreras Aguilera.
260 _aSanto Domingo :
_bArgos,
_c2012.
300 _a75 p. :
_bil., retrs. ;
_c23 cm.
500 _aIncluye datos biográficos del autor en las solapas de la cubierta.
500 _aIncluye notas al pie de las páginas.
590 _aInventariado, 2018/VM
650 0 _aFolclore
_zRepública Dominicana
_xRelatos personales
_933448
651 4 _aTenares (República Dominicana{Rpara}
_xVida social y costumbres
_965364
651 4 _aTenares (República Dominicana{Rpara}
_xHistoria local
_964728
700 1 _aCarreras Aguilera, Pedro,
_epról.
_943438
910 _aValidado. Control de calidad EMS
942 _2ddc
_cLBS1
999 _c38650
_d38650